Gradus ad parnassum, sive, Bibliotheca musarum, vel novus synonymorum, epithetorum, phrasium poeticarum, ac versuum thesaurus

Detalles Bibliográficos
Autor principal: Aler, Paul 1656-1727
Formato: Libro
Lenguaje:Latin
Publicado: Lugduni 1765
Edición:Editio nova
Materias:
Colección:Banco de datos
Acervo:Biblioteca Armando Olivares Carrillo de la Universidad de Guanajuato. Fondo Conventos
Descripción Física:2 t. 4°
Tema general:Literatura universal
Notas:Falta portada (2713)
Daños de polilla (2713)
Daños en la encuadernación (2713, 5323)
LEADER 00879nam a22002290004500
035 |a 2942 
041 0 |a lat 
050 4 |a PN6013  |b A5 
100 1 |a Aler, Paul  |d 1656-1727 
245 1 0 |a Gradus ad parnassum, sive, Bibliotheca musarum, vel novus synonymorum, epithetorum, phrasium poeticarum, ac versuum thesaurus 
250 |a Editio nova 
260 |a Lugduni  |b apud fratres de Tournes  |c 1765 
300 |a 2 t.  |c 4° 
500 |a Falta portada (2713) 
500 |a Daños de polilla (2713) 
500 |a Daños en la encuadernación (2713, 5323) 
650 1 0 |a Literatura universal 
740 0 |a Bibliothecae musarum, vel novus synonymorum, epithetorum, phrasium poeticarum, ac versuum thesaurus 
949 |a CO. t. 1 (5323), t. 2 (2713) 
942 |c GUANAJUATO 
943 |g Biblioteca Armando Olivares Carrillo de la Universidad de Guanajuato. Fondo Conventos 
999 |c 1146899  |d 1146899